Science in Latin America a history /
সংরক্ষণ করুন:
| সংস্থা লেখক: | |
|---|---|
| অন্যান্য লেখক: | |
| বিন্যাস: | বৈদ্যুতিক বৈদ্যুতিন গ্রন্থ |
| ভাষা: | ইংরেজি স্প্যানিশ |
| প্রকাশিত: |
Austin :
University of Texas Press,
c2006.
|
| বিষয়গুলি: | |
| অনলাইন ব্যবহার করুন: | An electronic book accessible through the World Wide Web; click to view |
| ট্যাগগুলো: |
কোনো ট্যাগ নেই, প্রথমজন হিসাবে ট্যাগ করুন!
|
MARC
| LEADER | 00000nam a22000004a 4500 | ||
|---|---|---|---|
| 001 | 0000102061 | ||
| 005 | 20171002055308.0 | ||
| 006 | m u | ||
| 007 | cr cn||||||||| | ||
| 008 | 051205s2006 txu sb s000 0 eng | ||
| 010 | |z 2005035364 | ||
| 015 | |a GBA687646 |2 bnb | ||
| 016 | 7 | |z 013578115 |2 Uk | |
| 020 | |z 9780292712713 (alk. paper) | ||
| 020 | |z 0292712715 (alk. paper) | ||
| 035 | |a (CaPaEBR)ebr10245642 | ||
| 035 | |a (OCoLC)646760615 | ||
| 040 | |a CaPaEBR |c CaPaEBR | ||
| 041 | 1 | |a eng |h spa | |
| 050 | 1 | 4 | |a Q127.L38 |b H57813 2006eb |
| 082 | 0 | 4 | |a 509.8 |2 22 |
| 130 | 0 | |a Historia social de las ciencias en América Latina. |l English. | |
| 245 | 1 | 0 | |a Science in Latin America |h [electronic resource] : |b a history / |c edited by Juan José Saldaña, ; translated by Bernabé Madrigal. |
| 260 | |a Austin : |b University of Texas Press, |c c2006. | ||
| 300 | |a vi, 256 p. | ||
| 500 | |a "Originally published as Historia social de las ciencias en América Latina"--T.p. verso. | ||
| 504 | |a Includes bibliographical references. | ||
| 533 | |a Electronic reproduction. |b Palo Alto, Calif. : |c ebrary, |d 2013. |n Available via World Wide Web. |n Access may be limited to ebrary affiliated libraries. | ||
| 546 | |a Translated from the Spanish. | ||
| 650 | 0 | |a Science |z Latin America |x History. | |
| 650 | 0 | |a Science |x Social aspects |z Latin America. | |
| 655 | 7 | |a Electronic books. |2 local | |
| 700 | 1 | |a Saldaña, Juan José. | |
| 710 | 2 | |a ebrary, Inc. | |
| 856 | 4 | 0 | |u http://site.ebrary.com/lib/daystar/Doc?id=10245642 |z An electronic book accessible through the World Wide Web; click to view |
| 908 | |a 170314 | ||
| 942 | 0 | 0 | |c EB |
| 999 | |c 91213 |d 91213 | ||